Entomologi perubatan

Bibliographic Details
Main Author: Arbain Kadri (Author)
Format: Book
Published: Kuala Lumpur : Dewan Bahasa dan Pustaka , 1990
Subjects:

MARC

LEADER 00000cam a2200000 7i4500
001 0000007451
005 20070623093000.0
020 |a 9836215506 
090 0 0 |a QL463   |b .A7 
100 0 |a Arbain Kadri ,   |e author 
245 0 0 |a Entomologi perubatan   |c Arbain Kadri 
260 2 |a Kuala Lumpur :   |b Dewan Bahasa dan Pustaka ,   |c 1990 
300 |a ix, 322 ms. ; ;   |c 24 sm. 
504 |a Mengandungi bibliografi (ms. 313) dan indeks 
650 0 |a Entomology 
650 0 |a Insects 
999 |a 1000032651   |b Book   |c OPEN SHELF (30 DAYS)   |e Tembila Campus